<?xml version="1.0" encoding="UTF-8"?>
<collection xmlns="http://www.loc.gov/MARC21/slim">
 <record>
  <leader>02992nam a22003497a 4500</leader>
  <controlfield tag="001">NCT_39835</controlfield>
  <controlfield tag="008">180608b        xxu||||| |||| 00| 0 vie d</controlfield>
  <datafield tag="999" ind1=" " ind2=" ">
   <subfield code="c">1921</subfield>
   <subfield code="d">1921</subfield>
  </datafield>
  <datafield tag="020" ind1=" " ind2=" ">
   <subfield code="c">95000</subfield>
  </datafield>
  <datafield tag="082" ind1="0" ind2="4">
   <subfield code="2">23rd ed.</subfield>
   <subfield code="a">657.7</subfield>
   <subfield code="b">Nh300</subfield>
  </datafield>
  <datafield tag="100" ind1="1" ind2=" ">
   <subfield code="a">Võ Văn Nhị</subfield>
   <subfield code="e">Chủ biên</subfield>
  </datafield>
  <datafield tag="245" ind1="1" ind2="0">
   <subfield code="a">Kế toán tài chính</subfield>
   <subfield code="b">: Sách dùng cho sinh viên các trường đại học, cao đẳng, trung học chuyên nghiệp các khối ngành kinh tế</subfield>
   <subfield code="c">Võ Văn Nhị (chủ biên) ; Trần Anh Hoa, Nguyễn Ngọc Dung...</subfield>
  </datafield>
  <datafield tag="250" ind1=" " ind2=" ">
   <subfield code="a">Tái bản lần 6, đã chỉnh lý bổ sung  theo QĐ số 15/2006 QĐ - BTC ban hành ngày 20-03-2006</subfield>
  </datafield>
  <datafield tag="260" ind1=" " ind2=" ">
   <subfield code="a">TP. Hồ Chí Minh.</subfield>
   <subfield code="b">Tài chính</subfield>
   <subfield code="c">2009</subfield>
  </datafield>
  <datafield tag="300" ind1=" " ind2=" ">
   <subfield code="a">589tr.</subfield>
   <subfield code="b">Mô hình</subfield>
   <subfield code="c">24cm</subfield>
  </datafield>
  <datafield tag="520" ind1="3" ind2=" ">
   <subfield code="a">Trình bày khá toàn diện các nội dung kế toán ở các loại hình doanh nghiệp, kết hợp chặt chẽ giữa các vấn đề lý luận về tổ chức kế toán với việc hướng dẫn các phương pháp thu thập, xử lý tổng hợp và cung cấp thông tin hữu ích cho các đối tượng khác nhau.</subfield>
  </datafield>
  <datafield tag="653" ind1=" " ind2=" ">
   <subfield code="a">Kế toán</subfield>
  </datafield>
  <datafield tag="700" ind1="1" ind2=" ">
   <subfield code="a">Trần Anh Hoa</subfield>
  </datafield>
  <datafield tag="700" ind1="1" ind2=" ">
   <subfield code="a">Nguyễn Ngọc Dung</subfield>
  </datafield>
  <datafield tag="700" ind1="1" ind2=" ">
   <subfield code="a">Nguyễn Xuân Hưng</subfield>
  </datafield>
  <datafield tag="942" ind1=" " ind2=" ">
   <subfield code="2">ddc</subfield>
   <subfield code="c">BK</subfield>
  </datafield>
  <datafield tag="952" ind1=" " ind2=" ">
   <subfield code="0">0</subfield>
   <subfield code="1">0</subfield>
   <subfield code="2">ddc</subfield>
   <subfield code="4">0</subfield>
   <subfield code="6">657_700000000000000_NH300</subfield>
   <subfield code="7">0</subfield>
   <subfield code="9">9952</subfield>
   <subfield code="a">000001</subfield>
   <subfield code="b">000001</subfield>
   <subfield code="d">2018-06-08</subfield>
   <subfield code="o">657.7 Nh300</subfield>
   <subfield code="p">MD.07461</subfield>
   <subfield code="r">2018-06-08</subfield>
   <subfield code="v">95000.00</subfield>
   <subfield code="w">2018-06-08</subfield>
   <subfield code="y">BK</subfield>
  </datafield>
  <datafield tag="952" ind1=" " ind2=" ">
   <subfield code="0">0</subfield>
   <subfield code="1">0</subfield>
   <subfield code="2">ddc</subfield>
   <subfield code="4">0</subfield>
   <subfield code="6">657_700000000000000_NH300</subfield>
   <subfield code="7">0</subfield>
   <subfield code="9">9953</subfield>
   <subfield code="a">000001</subfield>
   <subfield code="b">000001</subfield>
   <subfield code="d">2018-06-08</subfield>
   <subfield code="o">657.7 Nh300</subfield>
   <subfield code="p">MD.07462</subfield>
   <subfield code="r">2018-06-08</subfield>
   <subfield code="v">95000.00</subfield>
   <subfield code="w">2018-06-08</subfield>
   <subfield code="y">BK</subfield>
  </datafield>
  <datafield tag="952" ind1=" " ind2=" ">
   <subfield code="0">0</subfield>
   <subfield code="1">0</subfield>
   <subfield code="2">ddc</subfield>
   <subfield code="4">0</subfield>
   <subfield code="6">657_700000000000000_NH300</subfield>
   <subfield code="7">0</subfield>
   <subfield code="9">9954</subfield>
   <subfield code="a">000001</subfield>
   <subfield code="b">000001</subfield>
   <subfield code="d">2018-06-08</subfield>
   <subfield code="o">657.7 Nh300</subfield>
   <subfield code="p">MD.07463</subfield>
   <subfield code="r">2018-06-08</subfield>
   <subfield code="v">95000.00</subfield>
   <subfield code="w">2018-06-08</subfield>
   <subfield code="y">BK</subfield>
  </datafield>
  <datafield tag="952" ind1=" " ind2=" ">
   <subfield code="0">0</subfield>
   <subfield code="1">0</subfield>
   <subfield code="2">ddc</subfield>
   <subfield code="4">0</subfield>
   <subfield code="6">657_700000000000000_NH300</subfield>
   <subfield code="7">0</subfield>
   <subfield code="9">9955</subfield>
   <subfield code="a">000001</subfield>
   <subfield code="b">000001</subfield>
   <subfield code="d">2018-06-08</subfield>
   <subfield code="o">657.7 Nh300</subfield>
   <subfield code="p">MD.07464</subfield>
   <subfield code="r">2018-06-08</subfield>
   <subfield code="v">95000.00</subfield>
   <subfield code="w">2018-06-08</subfield>
   <subfield code="y">BK</subfield>
  </datafield>
  <datafield tag="952" ind1=" " ind2=" ">
   <subfield code="0">0</subfield>
   <subfield code="1">0</subfield>
   <subfield code="2">ddc</subfield>
   <subfield code="4">0</subfield>
   <subfield code="6">657_700000000000000_NH300</subfield>
   <subfield code="7">0</subfield>
   <subfield code="9">9956</subfield>
   <subfield code="a">000001</subfield>
   <subfield code="b">000001</subfield>
   <subfield code="d">2018-06-08</subfield>
   <subfield code="l">1</subfield>
   <subfield code="o">657.7 Nh300</subfield>
   <subfield code="p">MD.07465</subfield>
   <subfield code="r">2019-09-04</subfield>
   <subfield code="s">2019-08-14</subfield>
   <subfield code="v">95000.00</subfield>
   <subfield code="w">2018-06-08</subfield>
   <subfield code="y">BK</subfield>
  </datafield>
  <datafield tag="952" ind1=" " ind2=" ">
   <subfield code="0">0</subfield>
   <subfield code="1">0</subfield>
   <subfield code="2">ddc</subfield>
   <subfield code="4">0</subfield>
   <subfield code="6">657_700000000000000_NH300</subfield>
   <subfield code="7">0</subfield>
   <subfield code="9">9957</subfield>
   <subfield code="a">000001</subfield>
   <subfield code="b">000001</subfield>
   <subfield code="d">2018-06-08</subfield>
   <subfield code="o">657.7 Nh300</subfield>
   <subfield code="p">MD.07466</subfield>
   <subfield code="r">2018-06-08</subfield>
   <subfield code="v">95000.00</subfield>
   <subfield code="w">2018-06-08</subfield>
   <subfield code="y">BK</subfield>
  </datafield>
  <datafield tag="952" ind1=" " ind2=" ">
   <subfield code="0">0</subfield>
   <subfield code="1">0</subfield>
   <subfield code="2">ddc</subfield>
   <subfield code="4">0</subfield>
   <subfield code="6">657_700000000000000_NH300</subfield>
   <subfield code="7">0</subfield>
   <subfield code="9">9958</subfield>
   <subfield code="a">000001</subfield>
   <subfield code="b">000001</subfield>
   <subfield code="d">2018-06-08</subfield>
   <subfield code="l">1</subfield>
   <subfield code="m">1</subfield>
   <subfield code="o">657.7 Nh300</subfield>
   <subfield code="p">MD.07467</subfield>
   <subfield code="r">2019-09-04</subfield>
   <subfield code="s">2019-08-14</subfield>
   <subfield code="v">95000.00</subfield>
   <subfield code="w">2018-06-08</subfield>
   <subfield code="y">BK</subfield>
  </datafield>
  <datafield tag="952" ind1=" " ind2=" ">
   <subfield code="0">0</subfield>
   <subfield code="1">0</subfield>
   <subfield code="2">ddc</subfield>
   <subfield code="4">0</subfield>
   <subfield code="6">657_700000000000000_NH300</subfield>
   <subfield code="7">0</subfield>
   <subfield code="9">9959</subfield>
   <subfield code="a">000001</subfield>
   <subfield code="b">000001</subfield>
   <subfield code="d">2018-06-08</subfield>
   <subfield code="o">657.7 Nh300</subfield>
   <subfield code="p">MD.07468</subfield>
   <subfield code="r">2018-06-08</subfield>
   <subfield code="v">95000.00</subfield>
   <subfield code="w">2018-06-08</subfield>
   <subfield code="y">BK</subfield>
  </datafield>
  <datafield tag="952" ind1=" " ind2=" ">
   <subfield code="0">0</subfield>
   <subfield code="1">0</subfield>
   <subfield code="2">ddc</subfield>
   <subfield code="4">0</subfield>
   <subfield code="6">657_700000000000000_NH300</subfield>
   <subfield code="7">0</subfield>
   <subfield code="9">9960</subfield>
   <subfield code="a">000001</subfield>
   <subfield code="b">000001</subfield>
   <subfield code="d">2018-06-08</subfield>
   <subfield code="o">657.7 Nh300</subfield>
   <subfield code="p">MD.07469</subfield>
   <subfield code="r">2018-06-08</subfield>
   <subfield code="v">95000.00</subfield>
   <subfield code="w">2018-06-08</subfield>
   <subfield code="y">BK</subfield>
  </datafield>
  <datafield tag="952" ind1=" " ind2=" ">
   <subfield code="0">0</subfield>
   <subfield code="1">0</subfield>
   <subfield code="2">ddc</subfield>
   <subfield code="4">0</subfield>
   <subfield code="6">657_700000000000000_NH300</subfield>
   <subfield code="7">0</subfield>
   <subfield code="9">9961</subfield>
   <subfield code="a">000001</subfield>
   <subfield code="b">000001</subfield>
   <subfield code="d">2018-06-08</subfield>
   <subfield code="o">657.7 Nh300</subfield>
   <subfield code="p">MD.07470</subfield>
   <subfield code="r">2018-06-08</subfield>
   <subfield code="v">95000.00</subfield>
   <subfield code="w">2018-06-08</subfield>
   <subfield code="y">BK</subfield>
  </datafield>
  <datafield tag="980" ind1=" " ind2=" ">
   <subfield code="a">Thư viện Trường Đại học Nam Cần Thơ</subfield>
  </datafield>
 </record>
</collection>
